<La> Sélection rapide du personnel traduction de Ph. Muller

Salvato in:
Dettagli Bibliografici
Autore principale: Spreng, H.
Natura: Libro
Lingua:francese
Pubblicazione: Neuchatel Delachaux et Niestlé 1944
Tags: Aggiungi Tag
Nessun Tag, puoi essere il primo ad aggiungerne!!

MARC

LEADER 00000nam a2200000 4500
001 c126657
005 20041019155238.6
041 0 |a fre 
044 |a CH 
245 1 0 |a <La> Sélection rapide du personnel  |b traduction de Ph. Muller  |c H. Spreng 
264 1 |a Neuchatel  |b Delachaux et Niestlé  |c 1944 
300 |a 88 s. 
100 1 |a Spreng, H.